000 00544nam a22001697a 4500
999 _c61445
_d61445
005 20240314104250.0
008 240314s1974 ru ||||| |||| 00| 0 rus d
041 _arus
080 _a930.1 У-86
100 _aУтченко, С.Л.
_920842
245 _aГлазами историка /
_cС.Л. Утченко.
264 _aМосква :
_bНаука,
_c1966.
300 _a264 с.:
_bил.;
_c17 см.
653 _aისტორიკოსის თვალით
653 _aისტორია
942 _2udc
_cᲬᲘᲒᲜᲘ